Global outlaws : (Record no. 4821)

MARC details
000 -LEADER
fixed length control field 04300cam a22005774a 4500
001 - CONTROL NUMBER
control field ocm69792080
003 - CONTROL NUMBER IDENTIFIER
control field OCoLC
005 - DATE AND TIME OF LATEST TRANSACTION
control field 20190702172533.0
007 - PHYSICAL DESCRIPTION FIXED FIELD--GENERAL INFORMATION
fixed length control field ta ||||||||||||||||||||
008 - FIXED-LENGTH DATA ELEMENTS--GENERAL INFORMATION
fixed length control field 060601s2007 caua b s001 0 eng
010 ## - LIBRARY OF CONGRESS CONTROL NUMBER
LC control number 2006017929
015 ## - NATIONAL BIBLIOGRAPHY NUMBER
National bibliography number GBA714145
Source bnb
016 7# - NATIONAL BIBLIOGRAPHIC AGENCY CONTROL NUMBER
Record control number 013678020
Source Uk
020 ## - INTERNATIONAL STANDARD BOOK NUMBER
International Standard Book Number 9780520250963
Qualifying information (pbk. ;
-- alk. paper)
035 ## - SYSTEM CONTROL NUMBER
System control number (OCoLC)69792080
Canceled/invalid control number (OCoLC)809289332
040 ## - CATALOGING SOURCE
Original cataloging agency DLC
Language of cataloging eng
Transcribing agency TZ-ArACH
Modifying agency BAKER
042 ## - AUTHENTICATION CODE
Authentication code pcc
049 ## - LOCAL HOLDINGS (OCLC)
Holding library TZAA
050 00 - LIBRARY OF CONGRESS CALL NUMBER
Classification number HV6252
Item number .N67
082 00 - DEWEY DECIMAL CLASSIFICATION NUMBER
Classification number 364.1/35
Edition number 22
100 1# - MAIN ENTRY--PERSONAL NAME
Personal name Nordstrom, Carolyn,
Dates associated with a name 1953-
245 10 - TITLE STATEMENT
Title Global outlaws :
Remainder of title crime, money, and power in the contemporary world /
Statement of responsibility, etc Carolyn Nordstrom.
246 30 - VARYING FORM OF TITLE
Title proper/short title Crime, money, and power in the contemporary world
260 ## - PUBLICATION, DISTRIBUTION, ETC. (IMPRINT)
Place of publication, distribution, etc Berkeley :
Name of publisher, distributor, etc University of California Press,
Date of publication, distribution, etc 2007.
300 ## - PHYSICAL DESCRIPTION
Extent xxi, 234 pages :
Other physical details illustrations ;
Dimensions 24 cm.
490 1# - SERIES STATEMENT
Series statement California series in public anthropology ;
Volume number/sequential designation 16
504 ## - BIBLIOGRAPHY, ETC. NOTE
Bibliography, etc Includes bibliographical references (pages 221-223) and index.
505 00 - FORMATTED CONTENTS NOTE
Title The war orphan --
-- The bombed-out shop --
-- Coconuts and cigarettes : some definitions --
-- The Gov'nor's red tractors --
-- Military takeovers (or, how to own a country) --
-- The untold story of the amputees --
-- Robber barons --
-- The border post--a billion-dollar truck stop (going international) --
-- Romancing the stone : borders and businesspeople --
-- The washing machine : laundering, part one --
-- Diamonds and fish : going global --
-- Ports --
-- Drugs --
-- The cultures of criminals --
-- The cultures of cops --
-- The world-port --
-- The investment machine : laundering, part two --
-- Human cargo --
-- Post-terror : creating (the illusion of) security --
-- Conclusion.
520 ## - SUMMARY, ETC.
Summary, etc Carolyn Nordstrom explores the pathways of global crime in a stunning work of anthropology that has the power to change the way we think about the world. To write this book, she spent three years traveling to hot spots in Africa, Europe, Asia and the USA investigating the dynamics of illegal trade circulating around the world--from blood diamonds and arms to pharmaceuticals, exotica, and staples like food and oil. Global Outlaws peels away the layers of this vast economy that extends from a war orphan in Angola selling Marlboros on the street to powerful transnational networks that reach across continents and oceans. Nordstrom's extraordinary fieldwork includes interviews with scores of informants including the smugglers, victims, power elite, and profiteers who populate these economic war zones. Her compelling investigation shows that the sum total of extra-legal activities represent a significant part of the world's economy and in so doing, provides a new framework for understanding twenty-first century economics and economic power. At the same time, Global Outlaws powerfully reveals the myths, illusions, and realities of security in all areas of transport and trade, and illuminates many of the difficult ethical problems these issues pose. -- Publisher description.
650 #0 - SUBJECT ADDED ENTRY--TOPICAL TERM
Topical term or geographic name as entry element Transnational crime.
650 #0 - SUBJECT ADDED ENTRY--TOPICAL TERM
Topical term or geographic name as entry element Organized crime.
650 #0 - SUBJECT ADDED ENTRY--TOPICAL TERM
Topical term or geographic name as entry element Smuggling.
650 #0 - SUBJECT ADDED ENTRY--TOPICAL TERM
Topical term or geographic name as entry element International economic relations.
650 #6 - SUBJECT ADDED ENTRY--TOPICAL TERM
Topical term or geographic name as entry element Criminalité internationale.
650 #6 - SUBJECT ADDED ENTRY--TOPICAL TERM
Topical term or geographic name as entry element Crime organisé
650 #6 - SUBJECT ADDED ENTRY--TOPICAL TERM
Topical term or geographic name as entry element Contrebande.
650 #6 - SUBJECT ADDED ENTRY--TOPICAL TERM
Topical term or geographic name as entry element Relations économiques internationales.
650 #7 - SUBJECT ADDED ENTRY--TOPICAL TERM
Topical term or geographic name as entry element International economic relations.
Source of heading or term fast
650 #7 - SUBJECT ADDED ENTRY--TOPICAL TERM
Topical term or geographic name as entry element Organized crime.
Source of heading or term fast
650 #7 - SUBJECT ADDED ENTRY--TOPICAL TERM
Topical term or geographic name as entry element Smuggling.
Source of heading or term fast
650 #7 - SUBJECT ADDED ENTRY--TOPICAL TERM
Topical term or geographic name as entry element Transnational crime.
Source of heading or term fast
830 #0 - SERIES ADDED ENTRY--UNIFORM TITLE
Uniform title California series in public anthropology ;
Volume number/sequential designation 16.
856 41 - ELECTRONIC LOCATION AND ACCESS
Materials specified ebrary
Uniform Resource Identifier <a href="http://site.ebrary.com/id/10170139">http://site.ebrary.com/id/10170139</a>
856 41 - ELECTRONIC LOCATION AND ACCESS
Materials specified Table of contents
Uniform Resource Identifier <a href="http://catdir.loc.gov/catdir/toc/ecip0614/2006017929.html">http://catdir.loc.gov/catdir/toc/ecip0614/2006017929.html</a>
856 42 - ELECTRONIC LOCATION AND ACCESS
Materials specified Contributor biographical information
Uniform Resource Identifier <a href="http://catdir.loc.gov/catdir/enhancements/fy0742/2006017929-b.html">http://catdir.loc.gov/catdir/enhancements/fy0742/2006017929-b.html</a>
856 42 - ELECTRONIC LOCATION AND ACCESS
Materials specified Publisher description
Uniform Resource Identifier <a href="http://catdir.loc.gov/catdir/enhancements/fy0702/2006017929-d.html">http://catdir.loc.gov/catdir/enhancements/fy0702/2006017929-d.html</a>
856 41 - ELECTRONIC LOCATION AND ACCESS
Materials specified Table of contents only
Uniform Resource Identifier <a href="http://www.loc.gov/catdir/toc/ecip0614/2006017929.html">http://www.loc.gov/catdir/toc/ecip0614/2006017929.html</a>
856 42 - ELECTRONIC LOCATION AND ACCESS
Materials specified Publisher description
Uniform Resource Identifier <a href="http://www.loc.gov/catdir/enhancements/fy0702/2006017929-d.html">http://www.loc.gov/catdir/enhancements/fy0702/2006017929-d.html</a>
856 41 - ELECTRONIC LOCATION AND ACCESS
Public note Available to Stanford-affiliated users at:
Uniform Resource Identifier <a href="http://site.ebrary.com/lib/stanford/Doc?id=10170139">http://site.ebrary.com/lib/stanford/Doc?id=10170139</a>
942 ## - ADDED ENTRY ELEMENTS (KOHA)
Source of classification or shelving scheme Library of Congress Classification
Koha item type Books
Holdings
Home library Current library Date acquired Full call number Barcode Cost, replacement price Koha item type
African Court on Human and Peoples' Rights Library African Court on Human and Peoples' Rights Library 14/06/2018 HV6252 .N67 10217274 32.00 Books

African Court on Human and Peoples' Rights | For Inquiries Contact » +255 272 510 510